书目信息 |
| 题名: |
城市环境色彩规划与设计
|
|
| 作者: | 崔唯 著 | |
| 分册: | ||
| 出版信息: | 北京 中国建筑工业出版社 2006.11 |
|
| 页数: | 225页 | |
| 开本: | 23cm | |
| 丛书名: | ||
| 单 册: | ||
| 中图分类: | X21 | |
| 科图分类: | ||
| 主题词: | 城市环境--cheng shi huan jing--环境规划 , 城市环境--cheng shi huan jing--环境设计 | |
| 电子资源: | ||
| ISBN: | 7-112-08454-7 | |
| 000 | 01079nam0 2200253 450 | |
| 001 | 012006456670 | |
| 005 | 20070529110838.25 | |
| 010 | @a7-112-08454-7@dCNY86.00 | |
| 100 | @a20061224d2006 km y0chiy0120 ea | |
| 101 | 0 | @achi |
| 102 | @aCN@b110000 | |
| 105 | @aa a 001yy | |
| 200 | 1 | @a城市环境色彩规划与设计@Acheng shi huan jing se cai gui hua yu she ji@d= The color programme and design of city environment@f崔唯著@Fcui wei zhu@zeng |
| 210 | @a北京@c中国建筑工业出版社@d2006.11 | |
| 215 | @a225页@c图@d23cm | |
| 320 | @a有书目和索引。 | |
| 330 | @a本书从城市色彩建设的概念、城市构成元素的色彩规划与设计、城市色彩的建设原则、城市的色彩表情、城市色彩的建设方法五个方面逐一入手,对人类长久以来在城市色彩建设方面取得的成就进行了详尽而全面的追述、梳理和论述,并根据各自的功能、规律。 | |
| 510 | 1 | @aColor programme and design of city environment@zeng |
| 606 | 0 | @a城市环境@Acheng shi huan jing@x环境规划 |
| 606 | 0 | @a城市环境@Acheng shi huan jing@x环境设计 |
| 690 | @aX21@v4 | |
| 701 | 0 | @a崔唯@Acui wei@4著 |
| 801 | 0 | @aCN@c20070529 |
| 905 | @b233574-75@dX21@eC976 | |
| 城市环境色彩规划与设计= The color programme and design of city environment/崔唯著.-北京:中国建筑工业出版社,2006.11 |
| 225页:图;23cm |
| ISBN 7-112-08454-7:CNY86.00 |
| 本书从城市色彩建设的概念、城市构成元素的色彩规划与设计、城市色彩的建设原则、城市的色彩表情、城市色彩的建设方法五个方面逐一入手,对人类长久以来在城市色彩建设方面取得的成就进行了详尽而全面的追述、梳理和论述,并根据各自的功能、规律。 |
| ● |
| 相关链接 |
|
|
|
正题名:城市环境色彩规划与设计
索取号:X21/C976
 
预约/预借
| 序号 | 登录号 | 条形码 | 馆藏地/架位号 | 状态 | 备注 |
| 1 | 233574 | 202335749 | 自科库501/501自科库 94排2列2层/ [索取号:X21/C976] | 在馆 | |
| 2 | 233575 | 202335758 | 自科库501/501自科库 94排2列2层/ [索取号:X21/C976] | 在馆 |